Znovuobjevování Ruska

Ruská federácia ako jeden z najperspektívnejších a najrýchlejšie rastúcich svetových trhov. Súčasť pätice štátov označovaných skratkou BRIC. Zvláštne ekonomické zóny v Rusku. Lipecká priemyselná zóna. Petrohrad - brána do Európy. Nevyspytateľné Rusko. Perspektívne podnikanie. Desatoro obchodovania s...

Descrizione completa

Salvato in:
Dettagli Bibliografici
Natura: Capitolo di libro
Lingua:ceco
Soggetti:
Tags: Aggiungi Tag
Nessun Tag, puoi essere il primo ad aggiungerne!!

MARC

LEADER 00000naa a2200000 4500
001 0136533
005 20240315070648.8
041 0 |a cze 
044 |a CZ 
245 1 0 |a Znovuobjevování Ruska 
520 |a Ruská federácia ako jeden z najperspektívnejších a najrýchlejšie rastúcich svetových trhov. Súčasť pätice štátov označovaných skratkou BRIC. Zvláštne ekonomické zóny v Rusku. Lipecká priemyselná zóna. Petrohrad - brána do Európy. Nevyspytateľné Rusko. Perspektívne podnikanie. Desatoro obchodovania s Ruskom. Spolupráca Španielska s Ruskom. Najväčšie problémy pri podnikaní v Rusku. 
610 2 0 |a spolupráca hospodárska medzinárodná 
610 2 0 |a podnikanie 
610 2 0 |a situácia hospodárska 
610 2 0 |a rozvoj hospodársky 
610 2 0 |a Rusko